000 00439nam a22001697a 4500
003 OSt
005 20211103102959.0
008 211103b |||||||| |||| 00| 0 eng d
020 _a0-8134-2887-4
040 _cHawasssa University
050 _a636.08/ENS
_b1
082 _29
_a636.08/ENS
_b1
100 _aEnsminger,M.E.
_916695
245 _aAnimal Science
260 _aAmerica
_bInterstate Publishing,Inc.
_c1991
942 _2ddc
_cBOOKS
_n0
999 _c16422
_d16422